Rural development and bureaucracy in Tanzania (Record no. 56811)

MARC details
000 -LEADER
fixed length control field 00647nam a2200169 a 4500
008 - FIXED-LENGTH DATA ELEMENTS--GENERAL INFORMATION
fixed length control field 120416s1974 ||||||||||||||||| || u
050 ## - LIBRARY OF CONGRESS CALL NUMBER
Classification number JS 797.2.T3 Fin
100 ## - MAIN ENTRY--PERSONAL NAME
Personal name Finucane, James R
245 10 - TITLE STATEMENT
Title Rural development and bureaucracy in Tanzania
246 ## - VARYING FORM OF TITLE
Title proper/short title The case of Mwanza region
260 ## - PUBLICATION, DISTRIBUTION, ETC.
Place of publication, distribution, etc. Uppsala
Name of publisher, distributor, etc. The Scandinavian Institute of African St
Date of publication, distribution, etc. 1974
300 ## - PHYSICAL DESCRIPTION
Extent 192p.
350 ## - PRICE (NR) (BK AM CF MU VM SE) [OBSOLETE]
Price 0.00
650 ## - SUBJECT ADDED ENTRY--TOPICAL TERM
Topical term or geographic name entry element RURAL DEVELOPMENT--TANZANIA
650 #0 - SUBJECT ADDED ENTRY--TOPICAL TERM
Topical term or geographic name entry element AFRICA--ECONOMIC CONDITIONS
995 ## - RECOMMENDATION 995 [LOCAL, UNIMARC FRANCE]
-- 0.00
-- CBU-MAIN LIBRARY (Kitwe)
-- 1
-- 0.00
-- 1
-- AVAILABLE
-- Main Library Open Access Collection
Holdings
Withdrawn status Lost status Source of classification or shelving scheme Damaged status Not for loan Home library Current library Shelving location Date acquired Total Checkouts Full call number Barcode Date last seen Price effective from Koha item type
          CBU-MAIN LIBRARY, KITWE. CBU-MAIN LIBRARY, KITWE.   11/30/2022   JS 797.2.T3 Fin 009103 11/30/2022 11/30/2022 MONOGRAPH